| 000 | 00664nam a2200193 i 4500 | ||
|---|---|---|---|
| 001 | 38233 | ||
| 003 | ES-MaACL | ||
| 005 | 20230906155725.0 | ||
| 007 | t| | ||
| 008 | 030225s1947 ag ||||1| spa d | ||
| 100 | 1 |
_aCalatroni, Carlos J. _933552 |
|
| 245 | 1 | 0 |
_aEndocrinología sexual femenina / _cCarlos J. Calatroni, Vicente Ruiz, Guillermo di Paola ; prólogo de Bernardo A. Houssay. |
| 260 |
_aBuenos Aires : _b"El Ateneo", _c1947 ( _fFerrari Hnos.) |
||
| 300 |
_aXII, 724 p. : _bil. ; _c27 cm. |
||
| 700 | 1 |
_aRuiz, Vicente. _9100633 |
|
| 700 | 1 |
_aDi Paola, Guillermo. _944084 |
|
| 700 | 1 |
_aHoussay, Bernardo A. _964352 |
|
| 852 |
_aES-MaACL _jE-1528 _bR.28711 |
||
| 999 |
_c38233 _d38233 |
||